000 00437cam a2200169Ia 4500
001 72707
005 20230410142347.0
008 020805s2009 vc 000 1 fre d
035 _9funglode
050 1 4 _aBX 845
_bA615 2009
245 0 _aAnnuario Pontificio :
_bPer l'anno 2005.
260 _a[Roma] :
_bLibreria Editrice Vaticana,
_c2009
300 _a2397 p.
_c18 cm.
610 2 0 _aCatholic Church
942 _2lcc
_cbk
946 _aLD
999 _c94259
_d94259